000 01035nam a22003137a 4500
003 CHAP
005 20220329134405.0
008 971013s1981 r 00010 d
010 _a19824
011 _a20796
035 _a24885
040 _cCHAP
090 _aTesis
100 0 0 _aAndrade Aguilar, Jose Alfredo.
_95635
245 _aComportamiento productivo de once cultivares erectos de cacahuate (Arachis hypogaea L)
260 _aChapingo, Méx., :
_bEl autor,
_c1981
300 _a65 h
502 _aTesis (Ing. Agr. Esp. en Fitotecnia) -- UACH. Departamento de Fitotecnia
590 _aALEPH
_b10
_c20130110
_lUCH01
_h1243
590 _aBATCH-UPD
_b10
_c20130110
_lUCH01
_h2024
590 _aBATCH-UPD
_b10
_c20130410
_lUCH01
_h1342
590 _aCONVERSION
_b10
_c20130109
_lUCH01
_h1312
650 1 4 _aCacahuate
_xRendimiento.
_916900
901 _aBK
942 _cFOLL
949 _bBC
_cTES
_d-57446
_eTS1
_i24885
_si
949 _bBC
_cTES
_d-57447
_eTS2
_fc.2
_i24885
_si
949 _bBC
_cTES
_d-57448
_eTS2
_fc.3
_h21767
_i24885
_si
999 _c19824
_d19824